| 000 | 00791nam a2200241 a 4500 | ||
|---|---|---|---|
| 005 | 20240920064101.0 | ||
| 008 | 011031s2001 es r 000 0 spa d | ||
| 020 | _a8449311411 | ||
| 035 | _aUPN01000113665 | ||
| 049 | _aCG | ||
| 050 | 4 |
_aLB775 M7 _bL3.28 |
|
| 100 | 1 | _aLawrence, Lynne | |
| 245 | 1 | 0 |
_aAyude a sus hijos a leer y escribir con el método Montessori / _cLynne Lawrence ; tr. Laia Villegas. |
| 260 |
_aBarcelona, Esp. : _bPaidós, _c2001. |
||
| 300 | _a239 p. | ||
| 440 | 0 |
_aGuías para padres ; _v50 |
|
| 534 |
_pTraducción de: _tMontessori read & write |
||
| 650 | 4 |
_aMétodo Montessori _94100 |
|
| 650 | 4 |
_aEducación de niños _95387 |
|
| 650 | 4 |
_aLectura _xEstudio y enseñanza (Elemental) _92805 |
|
| 650 | 4 |
_aEscritura _xEstudio y enseñanza _96154 |
|
| 905 | _aLibro | ||
| 999 |
_c87573 _d87573 |
||